00222nam a22000857a 4500082000800000100001500008245007600023260002800099300000900127 aTNC aRao, V. L. aIndia and asean :bIssues in sectoral dialouge partnershipcby V. L.Rao aNew DelhibR.I.S.c1993 a75p.